000
00486nam a2200145Ia 4500
008
090124s9999 xx 000 0 und d
082
_b
300068
245
_a
ज्ञानेशांची अमृतवाणी
250
_a
3
260
_b
शेणोलीकर ह. श्री.
_c
1960
300
_a
176
630
_a
ज्ञानेशांची अमृतवाणी
730
_a
ज्ञानेशांची अमृतवाणी
942
_c
BOOK
999
_c
189624
_d
189624